| 000 | 00478nam a22001577a 4500 | ||
|---|---|---|---|
| 005 | 20240227025303.0 | ||
| 008 | 240227b |||||||| |||| 00| 0 eng d | ||
| 082 |
_222 _a323.334. _bCLA. |
||
| 245 |
_aClaiming Our Place : _bworking the rights system to women's Advantage / |
||
| 260 |
_aWashington ; _bInstitute foe women, Law and Development / _c1993. |
||
| 300 | _a163 p., | ||
| 650 | _aWomen | ||
| 650 | _alaw and Development | ||
| 700 |
_aSchuler A. Margaret. _eedt |
||
| 942 | _cL | ||
| 999 |
_c496 _d496 |
||